<?xml version="1.0" encoding="UTF-8"?>
<record
    xmlns:xsi="http://www.w3.org/2001/XMLSchema-instance"
    xsi:schemaLocation="http://www.loc.gov/MARC21/slim http://www.loc.gov/standards/marcxml/schema/MARC21slim.xsd"
    xmlns="http://www.loc.gov/MARC21/slim">

  <leader>00656nam a22002297a 4500</leader>
  <controlfield tag="005">20250718091306.0</controlfield>
  <controlfield tag="008">230921b           ||||| |||| 00| 0 eng d</controlfield>
  <datafield tag="020" ind1=" " ind2=" ">
    <subfield code="a">9789358402520</subfield>
  </datafield>
  <datafield tag="040" ind1=" " ind2=" ">
    <subfield code="c">AL</subfield>
  </datafield>
  <datafield tag="041" ind1=" " ind2=" ">
    <subfield code="a">English</subfield>
  </datafield>
  <datafield tag="082" ind1=" " ind2=" ">
    <subfield code="2">23</subfield>
    <subfield code="a">332.1</subfield>
    <subfield code="b">MAHF</subfield>
  </datafield>
  <datafield tag="100" ind1=" " ind2=" ">
    <subfield code="a">Mahesha V and others</subfield>
    <subfield code="9">219302</subfield>
  </datafield>
  <datafield tag="245" ind1=" " ind2=" ">
    <subfield code="a">Financial Institutions and Markets</subfield>
  </datafield>
  <datafield tag="260" ind1=" " ind2=" ">
    <subfield code="a">New Delhi</subfield>
    <subfield code="b">Vision Book House</subfield>
    <subfield code="c">2023</subfield>
  </datafield>
  <datafield tag="300" ind1=" " ind2=" ">
    <subfield code="a">240 p.</subfield>
    <subfield code="b">PB</subfield>
    <subfield code="c">24x18 cm.</subfield>
  </datafield>
  <datafield tag="365" ind1=" " ind2=" ">
    <subfield code="a">4605</subfield>
    <subfield code="b">&#x20B9;208.00</subfield>
    <subfield code="c">&#x20B9;</subfield>
    <subfield code="d">&#x20B9;260.00</subfield>
    <subfield code="e">20%</subfield>
    <subfield code="f">18-09-2023</subfield>
  </datafield>
  <datafield tag="650" ind1=" " ind2=" ">
    <subfield code="a">V SEM Bcom</subfield>
    <subfield code="9">134306</subfield>
  </datafield>
  <datafield tag="650" ind1=" " ind2=" ">
    <subfield code="a">NEP</subfield>
    <subfield code="9">134307</subfield>
  </datafield>
  <datafield tag="700" ind1=" " ind2=" ">
    <subfield code="a"> Aniqua Banu</subfield>
    <subfield code="9">134309</subfield>
  </datafield>
  <datafield tag="700" ind1=" " ind2=" ">
    <subfield code="a">Firdose Anjum</subfield>
    <subfield code="9">134310</subfield>
  </datafield>
  <datafield tag="942" ind1=" " ind2=" ">
    <subfield code="2">ddc</subfield>
    <subfield code="c">BK</subfield>
  </datafield>
  <datafield tag="999" ind1=" " ind2=" ">
    <subfield code="c">228870</subfield>
    <subfield code="d">228870</subfield>
  </datafield>
  <datafield tag="952" ind1=" " ind2=" ">
    <subfield code="0">0</subfield>
    <subfield code="1">0</subfield>
    <subfield code="2">ddc</subfield>
    <subfield code="4">0</subfield>
    <subfield code="7">0</subfield>
    <subfield code="8">COM</subfield>
    <subfield code="a">AL</subfield>
    <subfield code="b">AL</subfield>
    <subfield code="d">2023-09-20</subfield>
    <subfield code="e">Biblios Book Point Surathkal Mangalore 575014</subfield>
    <subfield code="g">208.00</subfield>
    <subfield code="l">1</subfield>
    <subfield code="o">332.1 MAHF</subfield>
    <subfield code="p">076812</subfield>
    <subfield code="r">2023-11-20 00:00:00</subfield>
    <subfield code="s">2023-09-22</subfield>
    <subfield code="v">260.00</subfield>
    <subfield code="w">2023-09-21</subfield>
    <subfield code="y">BK</subfield>
  </datafield>
  <datafield tag="952" ind1=" " ind2=" ">
    <subfield code="0">0</subfield>
    <subfield code="1">0</subfield>
    <subfield code="2">ddc</subfield>
    <subfield code="4">0</subfield>
    <subfield code="7">3</subfield>
    <subfield code="8">COM</subfield>
    <subfield code="a">AL</subfield>
    <subfield code="b">AL</subfield>
    <subfield code="d">2023-09-20</subfield>
    <subfield code="e">Biblios Book Point Surathkal Mangalore 575014</subfield>
    <subfield code="g">208.00</subfield>
    <subfield code="l">1</subfield>
    <subfield code="o">332.1 MAHF</subfield>
    <subfield code="p">076813</subfield>
    <subfield code="r">2023-10-16 00:00:00</subfield>
    <subfield code="s">2023-10-04</subfield>
    <subfield code="v">260.00</subfield>
    <subfield code="w">2023-09-21</subfield>
    <subfield code="y">REF</subfield>
  </datafield>
  <datafield tag="952" ind1=" " ind2=" ">
    <subfield code="0">0</subfield>
    <subfield code="1">0</subfield>
    <subfield code="2">ddc</subfield>
    <subfield code="4">0</subfield>
    <subfield code="7">0</subfield>
    <subfield code="8">COM</subfield>
    <subfield code="a">AL</subfield>
    <subfield code="b">AL</subfield>
    <subfield code="d">2023-09-20</subfield>
    <subfield code="e">Biblios Book Point Surathkal Mangalore 575014</subfield>
    <subfield code="g">208.00</subfield>
    <subfield code="l">2</subfield>
    <subfield code="o">332.1 MAHF</subfield>
    <subfield code="p">076814</subfield>
    <subfield code="r">2023-12-04 00:00:00</subfield>
    <subfield code="s">2023-11-22</subfield>
    <subfield code="v">260.00</subfield>
    <subfield code="w">2023-09-21</subfield>
    <subfield code="y">BK</subfield>
  </datafield>
  <datafield tag="952" ind1=" " ind2=" ">
    <subfield code="0">0</subfield>
    <subfield code="1">0</subfield>
    <subfield code="2">ddc</subfield>
    <subfield code="4">0</subfield>
    <subfield code="7">0</subfield>
    <subfield code="8">COM</subfield>
    <subfield code="a">AL</subfield>
    <subfield code="b">AL</subfield>
    <subfield code="d">2023-09-20</subfield>
    <subfield code="e">Biblios Book Point Surathkal Mangalore 575014</subfield>
    <subfield code="g">208.00</subfield>
    <subfield code="l">1</subfield>
    <subfield code="o">332.1 MAHF</subfield>
    <subfield code="p">076815</subfield>
    <subfield code="r">2023-11-27 00:00:00</subfield>
    <subfield code="s">2023-11-09</subfield>
    <subfield code="v">260.00</subfield>
    <subfield code="w">2023-09-21</subfield>
    <subfield code="y">BK</subfield>
  </datafield>
  <datafield tag="952" ind1=" " ind2=" ">
    <subfield code="0">0</subfield>
    <subfield code="1">0</subfield>
    <subfield code="2">ddc</subfield>
    <subfield code="4">0</subfield>
    <subfield code="7">0</subfield>
    <subfield code="8">COM</subfield>
    <subfield code="a">AL</subfield>
    <subfield code="b">AL</subfield>
    <subfield code="d">2023-09-20</subfield>
    <subfield code="e">Biblios Book Point Surathkal Mangalore 575014</subfield>
    <subfield code="g">208.00</subfield>
    <subfield code="l">2</subfield>
    <subfield code="m">1</subfield>
    <subfield code="o">332.1 MAHF</subfield>
    <subfield code="p">076816</subfield>
    <subfield code="r">2023-11-07 00:00:00</subfield>
    <subfield code="s">2023-10-17</subfield>
    <subfield code="v">260.00</subfield>
    <subfield code="w">2023-09-21</subfield>
    <subfield code="y">BK</subfield>
  </datafield>
</record>
